Normal view
MARC view
- تقرير: الهيئة المستقلة الخاصة بالقضايا الانسانية في العالم ؛ تقديم: الحسن بن طلال، صدر الدين آغا خان؛ ترجمة: محمد عصفور ؛ مراجعة محمد عدنان البخيت
Entry Personal Name
001 - CONTROL NUMBER
- control field: 57273
003 - CONTROL NUMBER IDENTIFIER
- control field: JO-AjAnu
005 - DATE AND TIME OF LATEST TRANSACTION
- control field: 20230606083359.0
008 - FIXED-LENGTH DATA ELEMENTS
- fixed length control field: 230606|| aca||aabn | a|a d
040 ## - CATALOGING SOURCE
- Original cataloging agency: JO-AjAnu
- Transcribing agency: JO-AjAnu
100 ## - HEADING--PERSONAL NAME
- Personal name: تقرير: الهيئة المستقلة الخاصة بالقضايا الانسانية في العالم ؛ تقديم: الحسن بن طلال، صدر الدين آغا خان؛ ترجمة: محمد عصفور ؛ مراجعة محمد عدنان البخيت
670 ## - SOURCE DATA FOUND
- Source citation: Work cat.: (JO-AjAnu)29222: تقرير: الهيئة المستقلة الخاصة بالقضايا الانسانية في العالم ؛ تقديم: الحسن بن طلال، صدر الدين آغا خان؛ ترجمة: محمد عصفور ؛ مراجعة محمد عدنان البخيت, author, هل تكسب الإنسانية معركتها؟